Función preventiva. Nuevas tecnologías y medicina actual / (Registro nro. 5682)
[ vista simple ]
| 000 -LEADER | |
|---|---|
| fixed length control field | 01505nab a22002657a 4500 |
| 003 - CONTROL NUMBER IDENTIFIER | |
| control field | OSt |
| 005 - DATE AND TIME OF LATEST TRANSACTION | |
| control field | 20251226233657.0 |
| 008 - FIXED-LENGTH DATA ELEMENTS--GENERAL INFORMATION | |
| fixed length control field | 190603e xxum|||| |||| 00| 0 spa d |
| 040 ## - CATALOGING SOURCE | |
| Transcribing agency | PJ |
| 100 ## - MAIN ENTRY--PERSONAL NAME | |
| 9 (RLIN) | 3858 |
| Personal name | Müller, Enrique Carlos |
| 245 10 - TITLE STATEMENT | |
| Title | Función preventiva. Nuevas tecnologías y medicina actual / |
| Statement of responsibility, etc | Enrique C. Müller. |
| 260 ## - PUBLICATION, DISTRIBUTION, ETC. (IMPRINT) | |
| Date of publication, distribution, etc | Ciudad Autónoma de Buenos Aires : |
| Place of publication, distribution, etc | Thomson Reuters La Ley, |
| Name of publisher, distributor, etc | 2025. |
| 300 ## - PHYSICAL DESCRIPTION | |
| Extent | p. 137-147 |
| 500 ## - GENERAL NOTE | |
| General note | Cita: TR LALEY AR/DOC/1774/2025 <br/>Publicado en: RCCyC 2025 (agosto). |
| 505 ## - FORMATTED CONTENTS NOTE | |
| Formatted contents note | Sumario: I. La función preventiva. Noción.— II. El deber de prevención. El daño justificado e injustificado.— III. La acción preventiva.— IV. Cuestiones procesales.— V. El desarrollo científico contemporáneo. Regularidades y tendencias al servicio de la medicina moderna.— VI. La medicina de este siglo.— VII. Cuál es el impacto de la tecnología en este campo.— VIII. La singularidad de la IA.— IX. La importancia de la prevención del daño. |
| 505 ## - FORMATTED CONTENTS NOTE | |
| Title | ¿Te interesa el texto completo? Solicitalo al correo: koha@justierradelfuego.gov.ar |
| 650 #0 - SUBJECT ADDED ENTRY--TOPICAL TERM | |
| 9 (RLIN) | 1497 |
| Topical term or geographic name as entry element | CODIGO CIVIL Y COMERCIAL |
| 650 #0 - SUBJECT ADDED ENTRY--TOPICAL TERM | |
| 9 (RLIN) | 1467 |
| Topical term or geographic name as entry element | RESPONSABILIDAD CIVIL |
| 650 #0 - SUBJECT ADDED ENTRY--TOPICAL TERM | |
| 9 (RLIN) | 3331 |
| Topical term or geographic name as entry element | DAÑO |
| 650 #0 - SUBJECT ADDED ENTRY--TOPICAL TERM | |
| 9 (RLIN) | 3993 |
| Topical term or geographic name as entry element | MEDICINA |
| 650 #0 - SUBJECT ADDED ENTRY--TOPICAL TERM | |
| 9 (RLIN) | 4094 |
| Topical term or geographic name as entry element | BIOÉTICA |
| 650 #0 - SUBJECT ADDED ENTRY--TOPICAL TERM | |
| 9 (RLIN) | 5444 |
| Topical term or geographic name as entry element | DEBER DE PREVENCIÓN DEL DAÑO |
| 773 0# - HOST ITEM ENTRY | |
| Host Biblionumber | 2713 |
| Host Itemnumber | 3170 |
| Place, publisher, and date of publication | Ciudad Autónoma de Buenos Aires : Thomson Reuters La Ley, 2015- |
| Title | Revista Código Civil y Comercial. Nº 4 - Agosto 2025 |
| 942 ## - ADDED ENTRY ELEMENTS (KOHA) | |
| Source of classification or shelving scheme | |
| Koha item type | Analítica Artículo de Revista |
No hay ítems disponibles.
